| 000 | 00798nam a2200229 a 4500 | ||
|---|---|---|---|
| 005 | 20240413063645.0 | ||
| 008 | 051017s2002 mx r 000 0 spa d | ||
| 020 | _a9701883969 | ||
| 035 | _aUPN01000140690 | ||
| 049 | _aCG | ||
| 050 | 4 |
_aF1219.73 _bD8.3 |
|
| 100 | 1 |
_aDurán, Diego, _cFray, _d1538?-1588 |
|
| 245 | 1 | 0 |
_aHistoria de las indias de Nueva España e Islas de tierra firme / _cFray Diego Durán ; estudio prel. Rosa Camelo y José Rubén Romero. |
| 260 |
_aMéxico : _bCONACULTA, _c2002. |
||
| 300 | _a2 v. | ||
| 440 | 0 | _aCien de México | |
| 650 | 2 |
_aAztecas _xHistoria _92984 |
|
| 650 | 4 |
_aAztecas _xVida social y costumbres _95432 |
|
| 651 | 4 |
_aMéxico _xHistoria _yHasta 1517 _914158 |
|
| 651 | 4 |
_aMéxico _xHistoria _yDescubrimiento y conquista, 1517-1521 _911526 |
|
| 905 | _aLibro | ||
| 999 |
_c112838 _d112838 |
||